| 000 | 00780cam a2200217 4500 | ||
|---|---|---|---|
| 001 | WB3713-38 | ||
| 008 | 000000n2001 000 0 eng u | ||
| 035 | _a(Sirsi) u111716 | ||
| 245 | _aStrategy for modern sustainable transport system | ||
| 260 | _c2001 | ||
| 490 |
_aDETR Press Release _v (191) 28 March 2001, (5) |
||
| 520 | _aGovernment is to invest a billion pounds in transport in the form of a 10-year plan to tackle congestion and pollution. The package includes a £487m Leeds Supertram and a rapid transit rail scheme in Hampshire. | ||
| 590 | _aWB | ||
| 650 | _aTRANSPORT POLICY | ||
| 650 | _a10 YEAR PLAN | ||
| 650 | _aREGIONAL PLANNING | ||
| 650 | _aROADBUILDING | ||
| 650 | _aLIGHT RAIL SCHEMES | ||
| 690 | _aTRANSPORT AND COMMUNICATIONS | ||
| 942 | _n0 | ||
| 999 |
_c66557 _d66557 |
||